000
00300nam a22001217a 4500
020
_a
0-07-039883-6
082
_a
621.395 MAL'D
100
_a
LEACH, D.P ;MALVINO, A.P
_9
74259
245
_a
DIGITAL PRINCIPLES AND APPLICATIONS
260
_a
NEWYORK
_b
MCGRAW HILL
_c
1986
300
_a
540P
942
_c
BK
999
_c
579815
_d
579815